Paradoxy životnej úrovne regiónov Slovenska
Hodnotenie dosahu jednotlivých opatrení vlády na sociálno-ekonomickú úroveň bežných domácností, sledovaním vývoja vybraných ukazovateľov životnej úrovne od roku 1998. Vývoj čistých peňažných príjmov domácností. Vývoj vložených a vybraných úspor domácností za rok v jednotlivých krajoch Slovenska. Pob...
Salvato in:
| Autore principale: | |
|---|---|
| Natura: | Capitolo di libro |
| Lingua: | slovacco |
| Soggetti: | |
| Tags: |
Nessun Tag, puoi essere il primo ad aggiungerne!!
|
MARC
| LEADER | 00000naa a2200000 4500 | ||
|---|---|---|---|
| 001 | r047240 | ||
| 005 | 20230925130434.6 | ||
| 041 | 0 | |a slo | |
| 044 | |a SK | ||
| 245 | 1 | 0 | |a Paradoxy životnej úrovne regiónov Slovenska |c Silvia Rybárová |
| 520 | |a Hodnotenie dosahu jednotlivých opatrení vlády na sociálno-ekonomickú úroveň bežných domácností, sledovaním vývoja vybraných ukazovateľov životnej úrovne od roku 1998. Vývoj čistých peňažných príjmov domácností. Vývoj vložených a vybraných úspor domácností za rok v jednotlivých krajoch Slovenska. Poberatelia dávky sociálnej pomoci v jednotlivých krajoch. | ||
| 610 | 2 | 0 | |a úroveň životná |
| 610 | 2 | 0 | |a vývoj sociálny |
| 610 | 2 | 0 | |a príjmy obyvateľstva |
| 610 | 2 | 0 | |a úspory obyvateľstva |
| 610 | 2 | 0 | |a pomoc sociálna |
| 610 | 2 | 0 | |a dávky sociálne |
| 610 | 2 | 0 | |a príjmy peňažné |
| 610 | 2 | 0 | |a výdavky obyvateľstva |
| 610 | 2 | 0 | |a regióny |
| 610 | 2 | 0 | |a 1998-2001 |
| 610 | 2 | 0 | |a Slovensko |
| 100 | 1 | |a Rybárová, Silvia | |